000
00292nam a22001337a 4500
008
170523b xxu||||| |||| 00| 0 eng d
020
_a
0631174001
041
_a
eng
080
_a
94
100
_a
16
101
_a
SHH
245
_a
A SHORT HISTORY OF DECAY
_c
CIORAN, E.M
942
_2
udc
_c
BK
999
_c
13870
_d
13870